书目信息 |
| 题名: |
西方文论关键词与当代中国
|
|
| 作者: | 胡亚敏 主编 | |
| 分册: | ||
| 出版信息: | 北京 中国社会科学出版社 2015 |
|
| 页数: | 544页 | |
| 开本: | 24cm | |
| 丛书名: | 国家哲学社会科学成果文库 | |
| 单 册: | ||
| 中图分类: | I0 , I206.7 | |
| 科图分类: | ||
| 主题词: | 文学理论--wen xue li lun--西方国家 , 中国文学--zhong guo wen xue--当代文学--文学研究 | |
| 电子资源: | ||
| ISBN: | 978-7-5161-5694-0 | |
| 000 | 01373nam0 22003011 450 | |
| 001 | 0124140153 | |
| 005 | 20170324140153.0 | |
| 010 | @a978-7-5161-5694-0@b精装@dCNY118.00 | |
| 100 | @a20150824d2015 em y0chiy50 ea | |
| 101 | 0 | @achi@eeng |
| 102 | @aCN@b110000 | |
| 105 | @aa z 001yy | |
| 106 | @ar | |
| 200 | 1 | @a西方文论关键词与当代中国@9xi fang wen lun guan jian ci yu dang dai zhong guo@f胡亚敏主编 |
| 210 | @a北京@c中国社会科学出版社@d2015 | |
| 215 | @a544页@c照片@d24cm | |
| 225 | 0 | @a国家哲学社会科学成果文库@9guo jia zhe xue she hui ke xue cheng guo wen ku@h2014 |
| 312 | @a封底英文题名:Keywords in western literary criticism and contemporary China | |
| 330 | @a本书挑选和研究了20世纪后半期即1978年以来出现在中国文坛上的10个西方文论关键词:话语、文本、叙事、文学性、反讽、隐喻、延异、意识形态、身体、他者。书中每个关键词的结构大致包括四个部分,第一部分是对所选西方文论关键词作溯源研究,主要从词源学和文献学的角度考察这些关键词的历史文化渊源。 | |
| 461 | 0 | @12001 @a国家哲学社会科学成果文库 |
| 510 | 1 | @aKeywords in western literary criticism and contemporary China@zeng |
| 606 | 0 | @a文学理论@9wen xue li lun@x西方国家 |
| 606 | 0 | @a中国文学@9zhong guo wen xue@x当代文学@x文学研究 |
| 690 | @aI0@v5 | |
| 690 | @aI206.7@v5 | |
| 701 | 0 | @a胡亚敏@9hu ya min@f(1954~)@4主编 |
| 801 | 0 | @aCN@bTANGWEI@c20170308 |
| 905 | @b0961958-60@dI0@e423@f3 | |
| 西方文论关键词与当代中国/胡亚敏主编.-北京:中国社会科学出版社,2015 |
| 544页:照片;24cm.-(国家哲学社会科学成果文库.2014) |
| ISBN 978-7-5161-5694-0(精装):CNY118.00 |
| 本书挑选和研究了20世纪后半期即1978年以来出现在中国文坛上的10个西方文论关键词:话语、文本、叙事、文学性、反讽、隐喻、延异、意识形态、身体、他者。书中每个关键词的结构大致包括四个部分,第一部分是对所选西方文论关键词作溯源研究,主要从词源学和文献学的角度考察这些关键词的历史文化渊源。 |
| ● |
| 相关链接 |
|
|
|
|
正题名:西方文论关键词与当代中国
索取号:I0/423
 
预约/预借
| 序号 | 登录号 | 条形码 | 馆藏地/架位号 | 状态 | 备注 |
| 1 | 0961958 | 209619581 | 第一样本阅览室/ [索取号:I0/423] | 在馆 | |
| 2 | 0961959 | 209619590 | 第二借阅区/ [索取号:I0/423] | 在馆 | |
| 3 | 0961960 | 209619607 | 第二借阅区/ [索取号:I0/423] | 在馆 |